000 01096nam a2200265Ia 4500
003 OSt
005 20220923213420.0
006 a|||||r|||| 00| 0
007 ta
008 220922b |||||||| |||| 00| 0 hin d
024 _a161,728
037 _cTextual
040 _aARTS
_cARTS
_bhin
041 _2hin
_ahin
082 _aO152,2M98:g, J8
100 _aशुक्ल, सावित्री; दीक्षित, त्रिलोकी नारायण, संपा.
_9163041
245 0 _aनाटककार सेठ गोविन्ददास
246 _aNāṭakakār seṭh govindadāsa
260 _aलखनऊ
_b लखनऊ विश्वविद्यालय
_c1958
300 _a149पृ.
_ccm.
490 _aसेकसरिया अध्ययनमाला; 8
650 _aहिन्दी साहित्य
_9156264
942 _hO152,2M98:g, J8
_cTEXL
_2CC
999 _c316295
_d316295